书目信息 |
| 题名: |
木/竹重组材技术专利分析报告
|
|
| 作者: | ;国家林业局 编著 | |
| 分册: | ||
| 出版信息: | 北京 中国林业出版社 2014 |
|
| 页数: | 94页 | |
| 开本: | 26cm | |
| 丛书名: | ||
| 单 册: | ||
| 中图分类: | S781 | |
| 科图分类: | ||
| 主题词: | 木材--专利--分析--研究报告--世界 , 竹材--专利--分析--研究报告--世界 , 木材 , 竹材 , 专利 , 分析 | |
| 电子资源: | ||
| ISBN: | 978-7-5038-7426-0 | |
| 000 | 01081nam0 2200301 450 | |
| 001 | 012015000725 | |
| 005 | 20150914163900.15 | |
| 010 | @a978-7-5038-7426-0@dCNY20.00 | |
| 100 | @a20140702d2014 em y0chiy50 ea | |
| 101 | 0 | @achi |
| 102 | @aCN@b110000 | |
| 105 | @aa z 000yy | |
| 106 | @ar | |
| 200 | 1 | @a木/竹重组材技术专利分析报告@Amu / zhu chong zu cai ji shu zhuan li fen xi bao gao@dAnalysis of wood/bamboo scrimber patents@f国家林业局知识产权研究中心编著@zeng |
| 210 | @a北京@c中国林业出版社@d2014 | |
| 215 | @a94页@c图@d26cm | |
| 330 | @a本书分为8章,主要内容包括:背景、概述、木/竹重组材技术专利总体趋势分析、木/竹重组材技术分类分析、木/竹重组材重点国家专利分析等。 | |
| 510 | 1 | @aAnalysis of wood/bamboo scrimber patents@zeng |
| 606 | 0 | @a木材@x专利@x分析@x研究报告@y世界 |
| 606 | 0 | @a竹材@x专利@x分析@x研究报告@y世界 |
| 606 | 0 | @a木材 |
| 606 | 0 | @a竹材 |
| 606 | 0 | @a专利 |
| 606 | 0 | @a分析 |
| 690 | @aS781@v5 | |
| 711 | 02 | @a国家林业局@Aguo jia lin ye ju@b知识产权研究中心@4编著 |
| 801 | 0 | @aCN@b碧洲教育@c20150718 |
| 905 | @a10447@f4@dS781@e81 | |
| 木/竹重组材技术专利分析报告=Analysis of wood/bamboo scrimber patents/国家林业局知识产权研究中心编著.-北京:中国林业出版社,2014 |
| 94页:图;26cm |
| ISBN 978-7-5038-7426-0:CNY20.00 |
| 本书分为8章,主要内容包括:背景、概述、木/竹重组材技术专利总体趋势分析、木/竹重组材技术分类分析、木/竹重组材重点国家专利分析等。 |
| ● |
| 相关链接 |
|
|
|
|
正题名:木/竹重组材技术专利分析报告
索取号:S781/81
 
预约/预借
| 序号 | 登录号 | 条形码 | 馆藏地/架位号 | 状态 | 备注 |
| 1 | 0848289 | 208482890 | 第二样本阅览室/ [索取号:S781/81] | 在馆 | |
| 2 | 0848290 | 208482907 | 第三借阅区/ [索取号:S781/81] | 在馆 | |
| 3 | 0848291 | 208482916 | 第三借阅区/ [索取号:S781/81] | 在馆 | |
| 4 | 0848292 | 208482925 | 生命科学系资料室/ [索取号:S781/81] | 在馆 |